000 00556nam a2200169Ia 4500
008 090201s9999 xx 000 0 und d
010 _aKPL-37991
040 _bमराठी
041 _aमराठी
082 _a17585
_b37991
100 _aनानी पालखीवाला
245 _aवुई दी पीपल
_cनानी पालखीवाला
260 _c2004
_bमेहता पब्लिशिंग हाऊस
300 _a394
_bमोठा
600 _aवुई दी पीपल
942 _cBOOK
999 _c217516
_d217516